000
00477nam a2200157Ia 4500
008
090711s9999 xx 000 0 und d
082
_b
35308
100
_a
बोरकर कमलाकर
245
_a
साक्षात्कार
260
_c
1976
600
_a
बोरकर कमलाकर
630
_a
साक्षात्कार
700
_a
बोरकर कमलाकर
730
_a
साक्षात्कार
942
_c
BOOK
999
_c
306102
_d
306102